000 00349nam a2200145 i 4500
001 bg
100 1 _aMATLA, Ryszard
245 0 _aPrzemiany energetyczne /
_cR. Matla, M. Bernatek.
260 _aWarszawa,
_c1982.
700 1 _aBERNATEK, Mieczysław
040 _cBPK
041 _apol
942 _cKS
008 s pl f |000 0 pol
999 _c21704
_d21704
856 _uhttp://koha.tu.koszalin.pl/cgi-bin/koha/opac-detail.pl?biblionumber=21704
_yKatalog online BPK